| 000 | 00000nam##2200000za#4500 |
| 001 | 9.615768 |
| 003 | CaOODSP |
| 005 | 20240628092344 |
| 007 | ta |
| 008 | 150406|2001||||xxc||||| f|0| 0 eng|d |
| 020 | |a0-660-18625-X |
| 040 | |aCaOODSP|beng |
| 043 | |an-cn--- |
| 086 | 1 |aEn49-24/1-53E |
| 110 | 1 |aCanada. |bEnvironment Canada. |bEnvironmental Protection Service. |
| 245 | 10|aTrucks and air emissions / |cby Gordon W. R. Taylor. |
| 260 | |aOttawa - Ontario : |bEnvironment Canada. |c2001. |
| 300 | |aiv, 26p. : |bgraphs, references, tables ; |c28 cm. |
| 490 | 1 |aEnvironmental protection series|vEPS 2/TS/14 |
| 500 | |a"This document brings together an assortment of facts and figures about trucks, their activities and the impact of those activities on the Canadian environment. It is designed as a general primer on the subject."--Introduction. |
| 520 | 3 |aThis document brings together an assortment of facts and figures about trucks, their activities and the impact of those activities on the Canadian environment. It is designed as a general primer on the subject.--Introduction |
| 563 | |aSpiral binding |
| 590 | |a01-43|b2001-10-26 |
| 690 | 07|aAir pollution|2gcpds |
| 690 | 07|aTrucks|2gcpds |
| 690 | 07|aAir quality|2gcpds |
| 720 | 1 |aTaylor, Gordon W. R. |
| 775 | 08|tLes camions et les émissions atmosphériques / |w(CaOODSP)9.625788 |
| 776 | 0#|tTrucks and air emissions : |w(CaOODSP)9.574557 |
| 830 | #0|aEnvironmental protection series reports ;|vEPS 2/TS/14|w(CaOODSP)9.514586 |